Memory management in a multimedia world

Saved in:
Bibliographic Details
Main Author: Powell, Joel
Format: Book
Language:English
Published: Corte Madera, California : 1994
Subjects:
Tags: Add Tag
No Tags, Be the first to tag this record!

MARC

LEADER 00000nam a2200000 i 4500
001 1/37873
008 960111s1994 eng d
020 |a 1-878739-65-4 
035 |l 10024758 
040 |a GR-MY-UA  |b gre  |e aacr 
041 0 |a eng 
082 0 |a 005.43 
100 1 |a Powell, Joel. 
245 1 0 |a Memory management in a multimedia world /  |c Joel, Powell 
260 |a Corte Madera, California :   |c 1994 
300 |a 271 p. 
500 |a Includes index 
650 0 0 |a Management. 
650 0 0 |a Memory management (Computer science) 
650 0 0 |a Multimedia systems. 
852 |a INST  |b CHIOS  |e 19960111  |h 005.43 POW  |p 005200001065  |q 005200001065  |t BK  |y 0 
909 |a Χ  |b 039594